Movies Quiz

Random Movies or Actress Quiz
Score 0/20 Timer 05:00
1 Play Today
Mega-Title Actress % Correct
Pushing Mr. & Mrs. Bone Beyond the Mighty Good Salt TombAngelina Jolie
85.9%
The Runaway Sweethearts Talk Pelican Pizza with America's Pretty Mexican StepmomJulia Roberts
83.9%
When Sleepless Leopold and the French Woman Kiss Against the VolcanoMeg Ryan
82.5%
Five Taxi Foxes Panic and Contact the Accused Anna LambsJodie Foster
80%
Sleeping 28 Days While Steve Forces Speed on the Blind Miss Ya-YaSandra Bullock
79.5%
The Lowdown Truth About Dangerous Pulp Cowgirls Volume 2Uma Thurman
77.7%
Alien Gorillas Living Dangerously in the Holes of Half Moon VillageSigourney Weaver
74.6%
The Freaky Halloween Fish Trading Places with the Fierce Terror ChihuahuaJamie Lee Curtis
74%
Jack and Sister Sister Flash the Ghost of Corrina PurpleWhoopi Goldberg
69.8%
The Natural Attraction of Venus Nobbs to Cookie's Big DalmatiansGlenn Close
69.2%
Mega-Title Actress % Correct
How There's No Jungle Love to Marry the Hot Millionaire BlondesMarilyn Monroe
64.4%
Freddie Darko Got 50 Parts of Wedding Girls Into Charlie's Side CarDrew Barrymore
62.9%
The Manhattan Godfather and Club Drummer Love Marvin's Lemon Hall InteriorsDiane Keaton
50.5%
Rosemary's Great Radio Sex Stories Coming on Broadway in SeptemberMia Farrow
49.9%
Who's Afraid of Father's Giant Velvet Elephant Shrew?Elizabeth Taylor
48.4%
Miss Arizona Raising Thirteen Simple Men Around the PianoHolly Hunter
46.7%
The Infamous Mr. Love Running with Captain Hard from Emma the Shallow PallbearerGwyneth Paltrow
43.9%
All About That Certain Jezebel Housewife Who Happened to Love BondageBette Davis
34.5%
The Barefoot Cat and Old Horseman Chase After Agnes Syndrome on Monster HorsesJane Fonda
29.1%
Hitchcock Bought the Long Lost Diaries of the Eight Legged Zoo NannyScarlett Johansson
26.1%
Remove Ads.
Support Sporcle.
Get the best of Sporcle when you Go Orange. This ad-free experience offers more features, more stats, and more fun while also helping to support Sporcle. Thank you for becoming a member.

You're not logged in!

Compare scores with friends on all Sporcle quizzes.
OR
Log In

Show Comments

Extras

Top Quizzes Today


Score Distribution

Your Account Isn't Verified!

In order to create a playlist on Sporcle, you need to verify the email address you used during registration. Go to your Sporcle Settings to finish the process.

Report this User

Report this user for behavior that violates our Community Guidelines.

Details: